Biblioteca

Benedict's disciples (Registro nro. 45686)

Detalles MARC
000 -LÍDER
Campo fijo de descripción fija 01508aam a2200301 4500
001 - NÚMERO DE CONTROL
Campo de control 19321
003 - IDENTIFICADOR DEL NÚMERO DE CONTROL
Campo de control CO-MdFUSB
005 - FECHA Y HORA DE LA ULTIMA TRANSACCIÓN
control field 20190202100448.0
008 - ELEMENTOS DE LONGITUD FIJA -- INFORMACIÓN GENERAL
Campo fijo de descripción fija -- Información general 170324t19951980enkb|||f |||| 00| 0 eng d
020 ## - NÚMERO INTERNACIONAL NORMALIZADO PARA LIBROS
Número Internacional Normalizado del libro 0-85244-274-2
040 ## - FUENTE DE CATALOGACIÓN
Agencia de catalogación original CO-MdFUSB
Idioma de catalogación spa
Agencia que realiza la transcripción CO-MdFUSB
Agencia que realiza la modificación CO-MdFUSBC
Convenciones de la descripción rda
041 ## - CÓDIGO DE IDIOMA
Código de idioma para texto/pista de sonido o título separado eng
082 ## - NÚMERO DE CLASIFICACIÓN DECIMAL DEWEY
Número de la edición del Dewey 24
Número de clasificación G 270.092
Clave de autor-Numero de item B463b
100 1# - ASIENTO PRINCIPAL--NOMBRE PERSONAL
Nombre personal Farmer, D. H., (Editor)
245 00 - TÍTULO
Título del Material Benedict's disciples
Mención de responsabilidad, etc. / Editado por D. H. Farmer
Parte restante del título - Subtitulo :
250 ## - MENCIÓN DE EDICIÓN
Mención de edición Segunda edición
264 #1 - PRODUCCIÓN, PUBLICACIÓN, DISTRIBUCIÓN, MANUFACTURA, Y COPYRIGHT
Lugar de producción, publicación, distribución, manufactura Herefordshire, England :
Nombre del productor, publicador, distribuidor Gracewing,
Fecha de producción, publicación, distribución, manufactura, o copyright ℗1995
264 #4 - PRODUCCIÓN, PUBLICACIÓN, DISTRIBUCIÓN, MANUFACTURA, Y COPYRIGHT
Fecha de producción, publicación, distribución, manufactura, o copyright ©1980
300 ## - DESCRIPCIÓN FÍSICA
Extensión xviii, 393 páginas
Otros detalles físicos :
Dimensiones ;
336 ## - TIPO DE CONTENIDO
Fuente rdacontent
Término de tipo de contenido
Código de tipo de contenido
337 ## - TIPO DE MEDIO
Fuente rdamedia
Nombre del tipo de medio
Código del tipo de medio
338 ## - TIPO DE SOPORTE
Fuente rdacarrier
Nombre del tipo de soporte
Código Tipo de soporte
505 00 - NOTA DE CONTENIDO
Nota de contenido con formato preestablecido San Benito - San Gregorio y San Agustín - San Cuthbert y San Wilfrid - Santa Hilda y San Etheldreda - San Beda - San Bonifacio en su correspondencia - Cluny: Silentia Claustri - San Dunstan y la reforma monástica - Lanfranco y San Anselmo - San Ailred de Rievaulx - San Godric de Finchale y San Bartolomé de Farne - Thomas de la Mare y Uthred de Boldon - Monjas benedictinas en la Inglaterra medieval - Los últimos abades de Glastonbury, Reading y Colchester - Tres mártires benedictinos del siglo XVII - Dame Gertrude Más - La misión y los misioneros benedictinos ingleses - El renacimiento benedictina en el siglo XIX - Arzobispo Ullathorne - Monacato benedictino en el siglo XX
563 ## - NOTA DE ENCUADERNACIÓN
Nota de encuadernación Rústico
650 #7 - ASIENTO SECUNDARIO DE MATERIA - TERMINO TEMÁTICO
Término temático o nombre geográfico como elemento de entrada Teólogos
Fuente del encabezamiento o término
9 (RLIN) 233
942 ## - TIPO DE MATERIAL (KOHA)
Tipo de Item KOHA Libros General
Existencias
Estado de Material Estado de Perdido Forma de Clasificación Estado de Dañado No para Préstamo Colección Tomo Biblioteca de Origen Biblioteca Permanente Fecha de Adquisición Total de Préstamos Signatura Topográfica Código de Barras Última vez visto Ejemplar/Existencia Fecha de Remplazo Tipo de Material
    Dewey Decimal Classification     Colección General   Biblioteca FUSBC Biblioteca FUSBC 27/03/2015   G 270.092 B463b 19350 12/12/2019 Ej. 1 26/01/2016 Libros General

Biblioteca FUSBC | Teléfono: (57+4) 349 88 10 Ext. 141| WhatsApp (+57) 3005338115 
E-mail: biblioteca@unisbc.edu.co | Calle 76 87-14 Robledo Palenque, Medellín, Colombia

Con tecnología Koha